[Event "Open SSM Inverno"]
[Site "Milano ITA"]
[Date "2014.01.21"]
[Round "3"]
[White "Darvishi, Mahmood"]
[Black "Bonazzi, Edoardo"]
[WhiteElo "2056"]
[BlackElo "2079"]
[Result "1/2-1/2"]
[PlyCount "118"]
[EventDate "2014.01.14"]

1. e4 c6 2. c4 d5 3. cxd5 cxd5 4. exd5 Nf6 5. Nc3 Nxd5 6. Nf3 Nc6 7. d4 e6 8.
Bd3 Be7 9. O-O O-O 10. Ne4 b6 11. Neg5 h6 12. Ne4 Bb7 13. a3 Re8 14. Qe2 Bf8
15. Rd1 Rc8 16. Bb5 Re7 17. Ne5 Rec7 18. Nxc6 Bxc6 19. Ba6 Bb7 20. Bd3 Nf6 21.
Nc3 Rd7 22. Be3 Nd5 23. Bd2 Qh4 24. Ne4 Nf4 25. Bxf4 Qxf4 26. g3 Qc7 27. Bb5
Rdd8 28. Nc3 g6 29. Rd2 Bg7 30. Rad1 Qb8 31. Ba6 Rd7 32. h4 h5 33. Bxb7 Qxb7
34. Qe3 Rcd8 35. Rd3 Qc6 36. Kh2 Qc4 37. Ne2 Qb5 38. R3d2 a5 39. Qe4 Qd5 40.
Qe3 a4 41. Rd3 Qb5 42. R1d2 e5 43. Nc3 Qc4 44. d5 f5 45. Qxb6 e4 46. Re3 Rd6
47. Qa5 Bh6 48. Ree2 Bxd2 49. Rxd2 Kg7 50. Qa7+ R8d7 51. Qe3 Rb7 52. Rd4 Qf1
53. Nxa4 Rb3 54. Qf4 Rf3 55. Qe5+ Kf7 56. Rd2 e3 57. fxe3 Qe1 58. Rc2 Rf2+ 59.
Rxf2 Qxf2+ 1/2-1/2

[Event "Open SSM Inverno"]
[Site "Milano ITA"]
[Date "2014.01.21"]
[Round "3"]
[White "Dicuonzo, Antonio"]
[Black "Bracco, Valter"]
[WhiteElo "1645"]
[BlackElo "1485"]
[Result "0-1"]
[PlyCount "60"]
[EventDate "2014.01.14"]

1. e4 c5 2. Nf3 e6 3. d4 cxd4 4. Nxd4 a6 5. Nc3 b5 6. Bd3 Bc5 7. Be3 Qb6 8.
Nce2 Nf6 9. h3 Bb7 10. f3 O-O 11. Bg1 Nc6 12. c3 b4 13. Qc2 Ne5 14. g4 Bxd4 15.
Nxd4 bxc3 16. bxc3 Qc7 17. Bh2 Nxd3+ 18. Qxd3 e5 19. Nf5 Rfe8 20. h4 d5 21. Ng3
dxe4 22. Nxe4 Bxe4 23. fxe4 Nxg4 24. Rc1 Rad8 25. Qg3 h5 26. Bg1 Rb8 27. c4
Qa5+ 28. Qc3 Qxa2 29. Rh3 Qg2 30. Ba7 Rb2 0-1

[Event "Open SSM Inverno"]
[Site "Milano ITA"]
[Date "2014.01.21"]
[Round "3"]
[White "Frignani, Alessandro"]
[Black "Pollio, Ciro"]
[WhiteElo "1372"]
[BlackElo "1761"]
[Result "0-1"]
[PlyCount "44"]
[EventDate "2014.01.14"]

1. e4 c5 2. f4 e6 3. Nf3 Nf6 4. Qe2 Be7 5. Nc3 O-O 6. d3 d6 7. Bd2 Bd7 8. g3 b5
9. Qg2 b4 10. Ne2 Nc6 11. h4 e5 12. f5 d5 13. Nh2 dxe4 14. dxe4 c4 15. c3 Qa5
16. g4 bxc3 17. Bxc3 Nb4 18. Ng3 Qa4 19. b3 cxb3 20. axb3 Qxb3 21. Rc1 Na2 22.
Rc2 Nxc3 0-1

[Event "Open SSM Inverno"]
[Site "Milano ITA"]
[Date "2014.01.21"]
[Round "3"]
[White "Marchesotti, Giovanni"]
[Black "Costisanu, Romica"]
[WhiteElo "1526"]
[BlackElo "1484"]
[Result "1-0"]
[PlyCount "83"]
[EventDate "2014.01.14"]

1. Nf3 Nf6 2. g3 d5 3. Bg2 c6 4. O-O e6 5. d3 h6 6. Nbd2 g5 7. h3 Bd6 8. e4 Nh5
9. e5 Be7 10. c4 Qb6 11. Kh2 Nd7 12. cxd5 exd5 13. Qe2 Nc5 14. Nd4 Ng7 15. N2b3
Nce6 16. Be3 Qc7 17. Nxe6 Nxe6 18. d4 b6 19. Rac1 a5 20. Bxd5 Bd7 21. Bxc6 Bxc6
22. d5 Qxe5 23. Rxc6 Qxd5 24. Rxb6 O-O 25. Rb5 Qd8 26. Rd1 Qc8 27. Rxa5 Qb7 28.
Bd4 Rxa5 29. Nxa5 Qd5 30. Qe5 Qxe5 31. Bxe5 f6 32. Bc3 Rc8 33. Nb3 Rc4 34. Nd4
Nxd4 35. Rxd4 Rc7 36. Bb4 h5 37. Bxe7 Rxe7 38. Kg2 Kf7 39. a4 Ke6 40. Re4+ Kd6
41. Rxe7 Kxe7 42. a5 1-0

[Event "Open SSM Inverno"]
[Site "Milano ITA"]
[Date "2014.01.21"]
[Round "3"]
[White "Papale, Carmelo"]
[Black "Capostagno, Francesco"]
[WhiteElo "1821"]
[BlackElo "1695"]
[Result "1-0"]
[PlyCount "79"]
[EventDate "2014.01.14"]

1. e4 Nf6 2. d3 e5 3. Nf3 Nc6 4. g3 d5 5. Nbd2 Bg4 6. h3 Bxf3 7. Qxf3 Nd4 8.
Qd1 Bc5 9. c3 Ne6 10. Bg2 c6 11. O-O O-O 12. b4 Bb6 13. a4 Bc7 14. Qe2 Re8 15.
Nf3 Nf8 16. Nh4 Qd7 17. Nf5 Ne6 18. Be3 g6 19. Nh6+ Kg7 20. h4 Rad8 21. Kh2 d4
22. cxd4 Nxd4 23. Qa2 Qd6 24. Qxf7+ Kh8 25. Qxe8+ Nxe8 26. Nf7+ Kg7 27. Nxd6
Rxd6 28. Bxd4 Rxd4 29. b5 cxb5 30. axb5 Bb6 31. Rfd1 Nf6 32. f3 Nd7 33. Rac1
Rb4 34. Rb1 Rd4 35. Bf1 Nc5 36. Kg2 Kf6 37. Rbc1 Rd6 38. Rc3 Ne6 39. Rc8 Nd4
40. Rb1 1-0

[Event "Open SSM Inverno"]
[Site "Milano ITA"]
[Date "2014.01.21"]
[Round "3"]
[White "Silari, Andrea"]
[Black "Ruggeri, Igor"]
[WhiteElo "1749"]
[BlackElo "1612"]
[Result "0-1"]
[PlyCount "102"]
[EventDate "2014.01.14"]

1. e4 c5 2. Nf3 d6 3. Bb5+ Bd7 4. Bxd7+ Qxd7 5. c4 Nf6 6. Nc3 e6 7. O-O Be7 8.
d4 cxd4 9. Nxd4 O-O 10. f4 Nc6 11. Kh1 Rfd8 12. Be3 Rac8 13. b3 b6 14. Rf3 Nxd4
15. Bxd4 Qb7 16. Qe2 Rc7 17. Raf1 Rcd7 18. f5 d5 19. fxe6 fxe6 20. exd5 exd5
21. Bxf6 Bxf6 22. Qe6+ Kh8 23. Nxd5 Rxd5 24. cxd5 Qxd5 25. Qxd5 Rxd5 26. a4 h6
27. g4 Kh7 28. Kg2 Rd4 29. h3 Rd5 30. Rxf6 gxf6 31. Rxf6 Kg7 32. Rf3 Kg6 33. h4
Rd4 34. Kg3 Re4 35. h5+ Kg7 36. Rd3 Re7 37. Kf4 Rf7+ 38. Ke5 Re7+ 39. Kd6 Re4
40. Rg3 Kf6 41. Kd5 Re5+ 42. Kd4 Rc5 43. g5+ Rxg5 44. Rxg5 Kxg5 45. Kd5 Kxh5
46. Kc6 Kg5 47. Kb7 h5 48. Kxa7 h4 49. Kxb6 h3 50. a5 h2 51. a6 h1=Q 0-1

[Event "Open SSM Inverno"]
[Site "Milano ITA"]
[Date "2014.01.21"]
[Round "3"]
[White "Vezzosi, Paolo"]
[Black "Montoli, Marco"]
[WhiteElo "2252"]
[BlackElo "1981"]
[Result "1-0"]
[PlyCount "51"]
[EventDate "2014.01.14"]

1. d4 Nf6 2. Nf3 g6 3. Bf4 Bg7 4. e3 d6 5. c4 O-O 6. Nc3 Nbd7 7. Be2 b6 8. O-O
Bb7 9. d5 e6 10. e4 e5 11. Be3 Nc5 12. Nd2 a5 13. a3 Qd7 14. b3 Bc8 15. b4 axb4
16. axb4 Rxa1 17. Qxa1 Nb7 18. Qa7 Ne8 19. Bd1 f5 20. Ba4 Qf7 21. f3 f4 22. Bf2
Bf6 23. Bc6 Nd8 24. Bxe8 Rxe8 25. Nb5 Nb7 26. Qb8 1-0

[Event "Open SSM Inverno"]
[Site "Milano ITA"]
[Date "2014.01.21"]
[Round "3"]
[White "Villalba, Fernando"]
[Black "Greco, Giovanni"]
[WhiteElo "1856"]
[BlackElo "1402"]
[Result "1-0"]
[PlyCount "62"]
[EventDate "2014.01.14"]

1. d4 d5 2. Nf3 Nf6 3. Bf4 Nc6 4. e3 g6 5. h3 Bg7 6. Be2 O-O 7. c3 e6 8. Nbd2
b6 9. O-O Bb7 10. c4 Ne7 11. Rc1 Rc8 12. a3 Qd7 13. Ne5 Qe8 14. b4 dxc4 15.
Ndxc4 Nd7 16. Nxd7 Qxd7 17. Ne5 Qd8 18. Bf3 Nd5 19. Bh2 b5 20. Rc5 a6 21. Qc2
Qg5 22. Qe2 f6 23. Nc6 f5 24. Rfc1 Rf7 25. Rxd5 exd5 26. Bxd5 Re8 27. Qf3 Bxc6
28. Rxc6 Bxd4 29. Bxf7+ Kxf7 30. Qd5+ Kg7 31. Qxd4+ Kh6 1-0

[Event "Open SSM Inverno"]
[Site "Milano ITA"]
[Date "2014.01.24"]
[Round "4"]
[White "Bonazzi, Edoardo"]
[Black "Carito, Riccardo"]
[WhiteElo "2079"]
[BlackElo "1712"]
[Result "1/2-1/2"]
[PlyCount "62"]
[EventDate "2014.01.14"]

1. c4 b6 2. Nf3 Bb7 3. g3 Nf6 4. Bg2 c5 5. O-O g6 6. Nc3 Bg7 7. d4 cxd4 8. Qxd4
O-O 9. Rd1 Ne4 10. Qd3 Nxc3 11. bxc3 d6 12. Be3 Nd7 13. Rab1 Rc8 14. a4 Nc5 15.
Bxc5 Rxc5 16. Nd2 Bxg2 17. Kxg2 Qc7 18. Rb5 Rxb5 19. axb5 Rc8 20. Ra1 d5 21.
Qxd5 Bxc3 22. Ra2 Rd8 23. Qc6 Qxc6+ 24. bxc6 Bxd2 25. Rxd2 Rc8 26. Rd7 Rxc6 27.
Rxa7 Rxc4 28. Rxe7 b5 29. Rb7 Rb4 30. Kf3 Rb3+ 31. Ke4 Rb2 1/2-1/2

[Event "Open SSM Inverno"]
[Site "Milano ITA"]
[Date "2014.01.24"]
[Round "4"]
[White "Bracco, Valter"]
[Black "Blengino, Cristiano"]
[WhiteElo "1485"]
[BlackElo "1933"]
[Result "0-1"]
[PlyCount "64"]
[EventDate "2014.01.14"]

1. e4 Nf6 2. Nc3 d5 3. exd5 Nxd5 4. Nxd5 Qxd5 5. Nf3 e5 6. Qe2 Nc6 7. h3 Bc5 8.
Qc4 Be6 9. Qxd5 Bxd5 10. a3 O-O 11. d3 Bxf3 12. gxf3 Nd4 13. Kd1 Nxf3 14. Bg2
e4 15. Ke2 Nd4+ 16. Kd2 exd3 17. Kxd3 c6 18. Kc4 Bb6 19. Kc3 Ne2+ 20. Kb3 Nxc1+
21. Raxc1 Bxf2 22. Rhf1 Bd4 23. Ka2 Rfe8 24. Rcd1 Rad8 25. Rd3 Bb6 26. Rdf3 Re2
27. Bh1 f6 28. c3 Rdd2 29. Rb1 Bc7 30. h4 Be5 31. h5 Rh2 32. Rff1 Bxc3 0-1

[Event "Open SSM Inverno"]
[Site "Milano ITA"]
[Date "2014.01.24"]
[Round "4"]
[White "Capostagno, Francesco"]
[Black "Frignani, Alessandro"]
[WhiteElo "1695"]
[BlackElo "1372"]
[Result "0-1"]
[PlyCount "22"]
[EventDate "2014.01.14"]

1. e4 e5 2. Nc3 Bc5 3. Bc4 c6 4. Nf3 Qf6 5. d3 h6 6. Qe2 Ne7 7. Be3 Bb6 8. O-O
d6 9. Nd2 Be6 10. f4 exf4 11. Rxf4 Qxf4 0-1

[Event "Open SSM Inverno"]
[Site "Milano ITA"]
[Date "2014.01.24"]
[Round "4"]
[White "Chiapperini, Christian"]
[Black "Marchesotti, Giovanni"]
[WhiteElo "1516"]
[BlackElo "1526"]
[Result "1/2-1/2"]
[PlyCount "122"]
[EventDate "2014.01.14"]

1. e4 c6 2. d4 d5 3. exd5 cxd5 4. Nf3 Nc6 5. Be2 Bg4 6. Bf4 e6 7. c3 Nf6 8.
Nbd2 Bd6 9. Bxd6 Qxd6 10. O-O O-O 11. Qc2 Rac8 12. a3 h6 13. Rad1 a6 14. Rfe1
Qc7 15. Rc1 Rfd8 16. Bd3 Bxf3 17. Nxf3 Ne8 18. Re3 Nd6 19. Nd2 Qd7 20. Qd1 Ne7
21. Qg4 f5 22. Qe2 Ng6 23. Re1 Nf4 24. Qf3 Nxd3 25. Rxd3 Ne4 26. Qh5 Nxd2 27.
Rxd2 Qf7 28. Qf3 Re8 29. Rde2 Re7 30. Re5 Rcc7 31. Qf4 Rc6 32. R1e3 g5 33. Rg3
Kh7 34. Qc1 Qf6 35. Rh3 Rg7 36. Rhe3 Kg8 37. Qe1 Kf7 38. h3 g4 39. hxg4 Rxg4
40. Qe2 Rg5 41. Qf3 f4 42. Rxg5 Qxg5 43. Re5 Qf6 44. Qh5+ Qg6 45. Qxg6+ Kxg6
46. f3 Kf6 47. Kh2 Rc7 48. Kh3 Rg7 49. Kh2 Rg5 50. Rxg5 hxg5 51. b3 b5 52. Kh3
e5 53. dxe5+ Kxe5 54. Kg4 Kf6 55. g3 fxg3 56. Kxg3 Kf5 57. a4 bxa4 58. bxa4 a5
59. Kf2 Ke6 60. Ke3 Ke5 61. Kd3 Kf4 1/2-1/2

[Event "Open SSM Inverno"]
[Site "Milano ITA"]
[Date "2014.01.24"]
[Round "4"]
[White "Costisanu, Romica"]
[Black "Dicuonzo, Antonio"]
[WhiteElo "1484"]
[BlackElo "1645"]
[Result "0-1"]
[PlyCount "92"]
[EventDate "2014.01.14"]

1. e4 d6 2. c3 g6 3. d4 Bg7 4. Nf3 Nd7 5. Qb3 e6 6. Bg5 Ne7 7. h4 h6 8. Be3 c6
9. Bd3 b5 10. Nbd2 Bb7 11. a4 a6 12. a5 Nf6 13. Nh2 O-O 14. g4 Nd7 15. g5 h5
16. f4 c5 17. dxc5 dxc5 18. c4 b4 19. Nhf3 Qc7 20. O-O Nc6 21. e5 Nxa5 22. Qc2
Nc6 23. Ne4 Ne7 24. Nd6 Bc6 25. Nd2 Nf5 26. Nxf5 exf5 27. Nb3 Bb7 28. Na5 Rfd8
29. Nxb7 Qxb7 30. Ra5 Qc6 31. Qf2 Nxe5 32. Rxc5 Nxd3 33. Rxc6 Nxf2 34. Rxf2 Rd3
35. Bb6 Rb3 36. Kg2 a5 37. Rd2 Rxb2 38. Rcd6 Rxd2+ 39. Rxd2 b3 40. Bc5 b2 41.
Rd1 a4 42. Ba3 Rb8 43. Rb1 Rb3 44. Be7 a3 45. Rd1 a2 46. c5 b1=Q 0-1

[Event "Open SSM Inverno"]
[Site "Milano ITA"]
[Date "2014.01.24"]
[Round "4"]
[White "Croso, Marco"]
[Black "Colica, Daniele"]
[WhiteElo "1861"]
[BlackElo "1698"]
[Result "1-0"]
[PlyCount "51"]
[EventDate "2014.01.14"]

1. d4 Nf6 2. c4 e6 3. Nc3 Bb4 4. Qc2 d5 5. a3 Bxc3+ 6. bxc3 c5 7. e3 O-O 8. Nf3
Nc6 9. Bd3 b6 10. O-O Bb7 11. Rb1 Qc7 12. dxc5 bxc5 13. a4 dxc4 14. Bxc4 Na5
15. Be2 Rfd8 16. Nd2 Rab8 17. Ba3 Bc6 18. Rxb8 Rxb8 19. Ra1 Ba8 20. c4 Qe5 21.
Rb1 Rb6 22. Bb2 Qg5 23. Nf3 Be4 24. Bxf6 Rxb1+ 25. Qxb1 Qxf6 26. Qb8+ 1-0

[Event "Open SSM Inverno"]
[Site "Milano ITA"]
[Date "2014.01.24"]
[Round "4"]
[White "Greco, Giovanni"]
[Black "Aloe, Giancarlo"]
[WhiteElo "1402"]
[BlackElo "1719"]
[Result "1-0"]
[PlyCount "105"]
[EventDate "2014.01.14"]

1. d4 d5 2. c4 c6 3. Nc3 e5 4. cxd5 cxd5 5. dxe5 d4 6. Ne4 Qa5+ 7. Nd2 Qxe5 8.
Ngf3 Qd6 9. Nb3 Nc6 10. Nfxd4 Qb4+ 11. Qd2 Nxd4 12. Nxd4 Nf6 13. Qxb4 Bxb4+ 14.
Bd2 Bxd2+ 15. Kxd2 Ne4+ 16. Ke1 O-O 17. e3 Bd7 18. Bc4 Rac8 19. Bb3 Nc5 20. Bc2
Rc7 21. Kd2 a6 22. Rac1 Rfc8 23. Bb1 g6 24. b4 Ne6 25. Rxc7 Rxc7 26. Rc1 Rxc1
27. Kxc1 Nxd4 28. exd4 Kg7 29. Kd2 f5 30. g3 Kf6 31. f4 Ke6 32. Kc3 Kd6 33. Bd3
h6 34. a3 b5 35. Be2 Bc6 36. g4 fxg4 37. Bxg4 Bd7 38. Bxd7 Kxd7 39. d5 Ke7 40.
Kd4 Kd6 41. h3 g5 42. fxg5 hxg5 43. Ke4 Ke7 44. Kf5 Kd6 45. Kxg5 Kxd5 46. Kg6
Kc4 47. h4 Kb3 48. h5 Kxa3 49. h6 Kxb4 50. h7 a5 51. h8=Q a4 52. Qb2+ Kc4 53.
Qa3 1-0

[Event "Open SSM Inverno"]
[Site "Milano ITA"]
[Date "2014.01.24"]
[Round "4"]
[White "Montoli, Marco"]
[Black "Casamassima, Paolo"]
[WhiteElo "1981"]
[BlackElo "1677"]
[Result "1/2-1/2"]
[PlyCount "139"]
[EventDate "2014.01.14"]

1. c4 c6 2. g3 Nf6 3. Nf3 d5 4. Bg2 Bf5 5. cxd5 cxd5 6. Qb3 Bc8 7. O-O e6 8. d4
Be7 9. Nc3 O-O 10. Rd1 Nc6 11. Bf4 Nh5 12. Be3 b6 13. Ne5 Na5 14. Qc2 Bb7 15.
Rac1 Rc8 16. Qb1 Ba6 17. Bf3 Nf6 18. Bf4 Nc4 19. Nxc4 Bxc4 20. b3 Ba6 21. Qb2
Bd6 22. Bg5 h6 23. Be3 Nh7 24. Nb1 Qf6 25. Rxc8 Rxc8 26. Rc1 Ng5 27. Rxc8+ Bxc8
28. Bxg5 Qxg5 29. Qc2 Bd7 30. Bg2 e5 31. dxe5 Qxe5 32. e3 Bf5 33. e4 dxe4 34.
Qc3 e3 35. Qxe5 exf2+ 36. Kxf2 Bxe5 37. Nd2 Be6 38. Nc4 Bd4+ 39. Ke2 f6 40. Kd3
Bc5 41. h3 g5 42. g4 a5 43. a4 Bd7 44. Be4 Kg7 45. Nd2 b5 46. axb5 Bxb5+ 47.
Nc4 a4 48. bxa4 Bxa4 49. Bf3 Bd7 50. Bg2 Be6 51. Nd2 f5 52. gxf5 Bxf5+ 53. Ke2
h5 54. Ne4 Be7 55. Ng3 Bg6 56. Bf3 h4 57. Ne4 Bf5 58. Nf2 Bd7 59. Ng4 Bb5+ 60.
Kf2 Bd6 61. Kg2 Bd3 62. Nf2 Bb1 63. Ne4 Bf4 64. Nf2 Kf6 65. Ng4+ Ke6 66. Nf2
Ke5 67. Ng4+ Kd4 68. Nf2 Ke3 69. Ng4+ Kd2 70. Nf2 1/2-1/2

[Event "Open SSM Inverno"]
[Site "Milano ITA"]
[Date "2014.01.24"]
[Round "4"]
[White "Nepi, Ezio"]
[Black "Vezzosi, Paolo"]
[WhiteElo "1918"]
[BlackElo "2252"]
[Result "0-1"]
[PlyCount "56"]
[EventDate "2014.01.14"]

1. d4 Nf6 2. c4 e6 3. g3 c5 4. d5 exd5 5. cxd5 b5 6. a4 b4 7. Bg2 d6 8. Nf3 Be7
9. O-O Bb7 10. Nh4 g6 11. e4 O-O 12. Bf4 Re8 13. Re1 Nh5 14. Nf5 Nxf4 15. Nxe7+
Qxe7 16. gxf4 Nd7 17. Nd2 Qf6 18. Nc4 Ba6 19. e5 dxe5 20. fxe5 Nxe5 21. Nxe5
Rxe5 22. d6 Rd8 23. d7 Bc4 24. Qd2 Be6 25. Qd6 Rg5 26. Rad1 Qf3 27. Qg3 Rxg3
28. hxg3 Qf5 0-1

[Event "Open SSM Inverno"]
[Site "Milano ITA"]
[Date "2014.01.24"]
[Round "4"]
[White "Pelizzola, Danilo"]
[Black "Papale, Carmelo"]
[WhiteElo "2127"]
[BlackElo "1821"]
[Result "1-0"]
[PlyCount "117"]
[EventDate "2014.01.14"]

1. e4 c5 2. Nf3 d6 3. d4 cxd4 4. Nxd4 Nf6 5. Nc3 a6 6. Be2 e5 7. Nb3 Be7 8. Be3
Be6 9. O-O O-O 10. a4 Nbd7 11. a5 Rc8 12. Qd2 Qc7 13. Rfd1 Rfd8 14. Qe1 Qc6 15.
Bf3 Nf8 16. Bb6 Re8 17. Rd2 Ng6 18. g3 Rf8 19. Qd1 Nd7 20. Be3 Rfd8 21. Nc1 Nf6
22. Bb6 Rf8 23. N1a2 Qc4 24. Be2 Qc6 25. Nb4 Qd7 26. Qe1 Rxc3 27. bxc3 Nxe4 28.
Rdd1 f5 29. f3 Nf6 30. c4 e4 31. c5 d5 32. c4 d4 33. c6 Qc8 34. Rxd4 bxc6 35.
c5 Nd7 36. Bxa6 Qa8 37. Rxd7 Bxd7 38. Bc4+ Kh8 39. Rd1 Ne5 40. Be2 exf3 41. Bf1
Bf6 42. Nd3 Ng4 43. Nf2 Ne5 44. a6 Re8 45. Qa5 Be6 46. a7 Bd5 47. Re1 Rf8 48.
Qa4 g5 49. Bc7 Ng4 50. Rb1 Kg7 51. Rb8 Rxb8 52. Bxb8 Ne5 53. Qb4 Nf7 54. Ba6
Nd8 55. Bc8 Be6 56. Ba6 Kf7 57. Qb6 Be7 58. Bc7 Ke8 59. Qb8 1-0

[Event "Open SSM Inverno"]
[Site "Milano ITA"]
[Date "2014.01.24"]
[Round "4"]
[White "Pollio, Ciro"]
[Black "Darvishi, Mahmood"]
[WhiteElo "1761"]
[BlackElo "2056"]
[Result "0-1"]
[PlyCount "58"]
[EventDate "2014.01.14"]

1. d4 d5 2. c4 e6 3. cxd5 exd5 4. Nc3 c5 5. Nf3 Nc6 6. Bg5 Qa5 7. e3 c4 8. a3
h6 9. Bh4 Bf5 10. Be2 Bd6 11. O-O Nge7 12. Nd2 Qc7 13. Bg3 Bxg3 14. fxg3 Be6
15. Nb5 Qd7 16. Nb1 a6 17. N5c3 b5 18. Nd2 O-O 19. g4 Rab8 20. b4 Rb7 21. Bf3
Ra8 22. h4 a5 23. bxa5 Rxa5 24. g5 hxg5 25. hxg5 Qd6 26. Qe1 Rxa3 27. Nde4 dxe4
28. Nxe4 Rxa1 29. Qxa1 Qd8 0-1

[Event "Open SSM Inverno"]
[Site "Milano ITA"]
[Date "2014.01.24"]
[Round "4"]
[White "Ruggeri, Igor"]
[Black "Ciciotti, Augusto"]
[WhiteElo "1612"]
[BlackElo "1903"]
[Result "0-1"]
[PlyCount "110"]
[EventDate "2014.01.14"]

1. d4 Nf6 2. c4 g6 3. Nc3 Bg7 4. e4 d6 5. Nf3 O-O 6. Be2 e5 7. d5 Na6 8. O-O
Nc5 9. Qc2 a5 10. b3 c6 11. Bb2 cxd5 12. cxd5 Bd7 13. a3 Rc8 14. Bd3 b5 15. b4
Na4 16. Qd2 Nxc3 17. Bxc3 a4 18. Rac1 Ng4 19. Qe2 f5 20. Bb2 fxe4 21. Bxe4 Bh6
22. Rxc8 Qxc8 23. Bd3 Qb7 24. Rd1 Nf6 25. Be4 Bg4 26. Qd3 Nxe4 27. Qxe4 Qd7 28.
Bc1 Bxf3 29. gxf3 Bf4 30. Kg2 Qe7 31. Bxf4 Rxf4 32. Qc2 Qg5+ 33. Kf1 Rc4 34.
Qd3 Qf4 35. Qe3 Qxh2 36. Qg5 Qh1+ 37. Ke2 Rc2+ 38. Rd2 Rxd2+ 39. Kxd2 Qxf3 40.
Qd8+ Qf8 41. Qb6 Qf4+ 42. Kc3 Qc4+ 43. Kd2 Qxd5+ 44. Ke1 Kg7 45. Qc7+ Kh6 46.
Qe7 Qe4+ 47. Kf1 d5 48. Qe6 Qd3+ 49. Kg2 e4 50. Qe7 Qf3+ 51. Kf1 Qf4 52. Qc5 e3
53. Qxe3 Qxe3 54. fxe3 Kg5 55. Ke2 Kf5 0-1

[Event "Open SSM Inverno"]
[Site "Milano ITA"]
[Date "2014.01.24"]
[Round "4"]
[White "Verderame, Alberto"]
[Black "Alidosi, Marco"]
[WhiteElo "1474"]
[BlackElo "1775"]
[Result "0-1"]
[PlyCount "64"]
[EventDate "2014.01.14"]

1. Nf3 Nf6 2. d4 g6 3. b3 Bg7 4. Bb2 O-O 5. Nbd2 d6 6. e3 Nbd7 7. Bd3 b6 8. Qe2
a5 9. a4 Bb7 10. O-O Re8 11. e4 Nh5 12. Qe3 e6 13. e5 dxe5 14. Nxe5 Nhf6 15. c4
Nxe5 16. Qxe5 Ne4 17. Qf4 Nxd2 18. Qxd2 Bxd4 19. Bxd4 Qxd4 20. Rad1 Rad8 21.
Rfe1 Qg4 22. g3 Qf3 23. Kf1 Qg2+ 24. Ke2 Bf3+ 25. Ke3 Bxd1 26. Rxd1 Qxh2 27.
Qc1 Qh6+ 28. f4 e5 29. Kf2 exf4 30. Kg2 f3+ 31. Kxf3 Qxc1 32. Rxc1 Rxd3+ 0-1

[Event "Open SSM Inverno"]
[Site "Milano ITA"]
[Date "2014.01.24"]
[Round "4"]
[White "Villalba, Fernando"]
[Black "Bossi, Alessandro"]
[WhiteElo "1856"]
[BlackElo "2031"]
[Result "0-1"]
[PlyCount "40"]
[EventDate "2014.01.14"]

1. d4 d5 2. Nf3 Nf6 3. Bf4 e6 4. e3 Bd6 5. Bg5 h6 6. Bh4 c5 7. c3 Nc6 8. Be2
Qb6 9. Qb3 Qxb3 10. axb3 cxd4 11. exd4 Ne4 12. Nbd2 f5 13. Ne5 Bxe5 14. dxe5
Nxd2 15. Kxd2 g5 16. Bg3 f4 17. Bb5 Bd7 18. Bxc6 Bxc6 19. b4 Ke7 20. f3 fxg3
0-1

[Event "Open SSM Inverno"]
[Site "Milano ITA"]
[Date "2014.01.28"]
[Round "5"]
[White "Aloe, Giancarlo"]
[Black "Bracco, Valter"]
[WhiteElo "1719"]
[BlackElo "1485"]
[Result "1-0"]
[PlyCount "59"]
[EventDate "2014.01.14"]

1. d4 d5 2. Nf3 Nf6 3. g3 e6 4. Bg2 c5 5. e3 Nc6 6. O-O a6 7. b3 Bd7 8. Bb2 Be7
9. a3 O-O 10. Nbd2 Re8 11. c4 cxd4 12. exd4 b5 13. Ne5 bxc4 14. bxc4 Rb8 15.
Bc3 Qc7 16. Ndf3 Ne4 17. Qc2 Bf6 18. Nxd7 Qxd7 19. Ne5 Qc7 20. cxd5 exd5 21.
Ba5 Qxa5 22. Nxc6 Rbc8 23. Rfc1 Qb6 24. Rab1 Qc7 25. Qd3 Qd7 26. Qxa6 Re6 27.
Qxc8+ Qxc8 28. Ne7+ Bxe7 29. Rxc8+ Bf8 30. Rbb8 1-0

[Event "Open SSM Inverno"]
[Site "Milano ITA"]
[Date "2014.01.28"]
[Round "5"]
[White "Blengino, Cristiano"]
[Black "Villalba, Fernando"]
[WhiteElo "1933"]
[BlackElo "1856"]
[Result "0-1"]
[PlyCount "138"]
[EventDate "2014.01.14"]

1. d4 d5 2. c4 c6 3. Nf3 g6 4. Nc3 Nf6 5. h3 Bg7 6. Bf4 a6 7. e3 O-O 8. Bd3
Nbd7 9. cxd5 Nxd5 10. Nxd5 cxd5 11. Qb3 Nf6 12. O-O e6 13. Rac1 Nh5 14. Bc7 Qd7
15. Qb6 Re8 16. Rc2 f5 17. Rfc1 Nf6 18. Ne5 Qe7 19. Bd6 Qd8 20. Bc7 Qe7 21. a4
Nd7 22. Nxd7 Qxd7 23. Qb3 Qf7 24. f4 g5 25. Be5 Bxe5 26. dxe5 gxf4 27. exf4 Qg6
28. Be2 Bd7 29. Rc3 Qh6 30. Qb4 Bc6 31. Rf1 Kh8 32. Qd4 Rg8 33. Rff3 Rg6 34.
Rg3 Rag8 35. Rxg6 Qxg6 36. Bf1 h5 37. a5 Bb5 38. Qf2 Bc6 39. Kh2 Qe8 40. Qh4
Qg6 41. Rg3 Qxg3+ 42. Qxg3 Rxg3 43. Kxg3 Kh7 44. Kf2 h4 45. Ke3 Kg7 46. Kd4 Kf7
47. Kc5 Ke7 48. Kd4 Kd7 49. Be2 Ke7 50. Bf3 Ba4 51. Kc3 Bb5 52. b3 Bf1 53. Kd4
Kd7 54. Kc3 Kc6 55. Kb4 b6 56. axb6 Kxb6 57. Kc3 a5 58. Kd4 Kc6 59. Kc3 Kc5 60.
Kc2 Kd4 61. Kd2 Kc5 62. Kc3 Bb5 63. Bd1 Bc6 64. Bf3 d4+ 65. Kc2 Bxf3 66. gxf3
Kb4 67. Kd3 Kxb3 68. Kxd4 a4 69. Kc5 a3 0-1

[Event "Open SSM Inverno"]
[Site "Milano ITA"]
[Date "2014.01.28"]
[Round "5"]
[White "Carito, Riccardo"]
[Black "Pollio, Ciro"]
[WhiteElo "1712"]
[BlackElo "1761"]
[Result "1-0"]
[PlyCount "79"]
[EventDate "2014.01.14"]

1. d4 d5 2. Nf3 Nf6 3. e3 Bg4 4. Be2 e6 5. Nbd2 c5 6. c3 Nc6 7. O-O Bd6 8. dxc5
Bxc5 9. Nb3 Bb6 10. Nfd4 Bxe2 11. Qxe2 Nxd4 12. exd4 Qd6 13. Nd2 O-O 14. Nf3
Bc7 15. Bg5 Ng4 16. h3 Nh2 17. Rfe1 Nxf3+ 18. Qxf3 Qh2+ 19. Kf1 Rae8 20. g4 e5
21. dxe5 Bxe5 22. Qg2 Qxg2+ 23. Kxg2 f6 24. Bd2 Rc8 25. Be3 b6 26. Rad1 Rfd8
27. Rd3 Rd7 28. Red1 Rcd8 29. f4 Bc7 30. Kf3 Kf7 31. c4 Ke7 32. Rxd5 Rxd5 33.
Rxd5 Rxd5 34. cxd5 Bd6 35. f5 Be5 36. b3 Kd6 37. Ke4 h6 38. Bd4 Bg3 39. Bb2 Bh2
40. Ba3+ 1-0

[Event "Open SSM Inverno"]
[Site "Milano ITA"]
[Date "2014.01.28"]
[Round "5"]
[White "Casamassima, Paolo"]
[Black "Croso, Marco"]
[WhiteElo "1677"]
[BlackElo "1861"]
[Result "0-1"]
[PlyCount "80"]
[EventDate "2014.01.14"]

1. d4 Nf6 2. c4 g6 3. Nf3 Bg7 4. Nc3 O-O 5. e3 d6 6. Be2 Nbd7 7. O-O e5 8. d5
Nc5 9. Qc2 Bf5 10. Qd1 a5 11. a4 Qe7 12. Re1 Nfd7 13. Ra3 Nb6 14. h3 h5 15. Bf1
e4 16. Nd4 Bc8 17. b3 Re8 18. Qc2 Qg5 19. Kh1 Qh4 20. Kg1 Qd8 21. Nce2 Nd3 22.
Rd1 Nd7 23. Ng3 Nxc1 24. Rxc1 Nc5 25. Rd1 Qg5 26. Kh1 Qe5 27. Qd2 h4 28. Nge2
g5 29. Ng1 g4 30. hxg4 Bxg4 31. Be2 Bc8 32. Re1 Bf6 33. Bf1 Kg7 34. f4 exf3 35.
Ndxf3 Qh5 36. Qe2 Ne4 37. Kh2 Be5+ 38. Nxe5 Qxe5+ 39. g3 Qxg3+ 40. Kh1 Nf2+ 0-1

[Event "Open SSM Inverno"]
[Site "Milano ITA"]
[Date "2014.01.28"]
[Round "5"]
[White "Ciciotti, Augusto"]
[Black "Greco, Giovanni"]
[WhiteElo "1903"]
[BlackElo "1402"]
[Result "1-0"]
[PlyCount "65"]
[EventDate "2014.01.14"]

1. d4 d5 2. Nf3 Nf6 3. c4 c6 4. Qc2 g6 5. Bf4 Bg7 6. e3 O-O 7. Nc3 e6 8. h3
Nbd7 9. Be2 Ne8 10. O-O Ndf6 11. c5 Nd7 12. b4 a6 13. a4 b6 14. cxb6 Nxb6 15.
b5 cxb5 16. axb5 axb5 17. Rxa8 Nxa8 18. Nxb5 Ba6 19. Rb1 Bxb5 20. Rxb5 Nd6 21.
Rc5 Ne4 22. Rc6 Qd7 23. Ne5 Qb7 24. Ba6 Qa7 25. f3 Nf6 26. Nd3 Nb6 27. Nb4 Re8
28. Rc7 Qa8 29. Qd3 Bf8 30. Nc6 Nc8 31. Qb5 Nd6 32. Bxd6 Bxd6 33. Ra7 1-0

[Event "Open SSM Inverno"]
[Site "Milano ITA"]
[Date "2014.01.28"]
[Round "5"]
[White "Colica, Daniele"]
[Black "Marchesotti, Giovanni"]
[WhiteElo "1698"]
[BlackElo "1526"]
[Result "1-0"]
[PlyCount "53"]
[EventDate "2014.01.14"]

1. Nf3 c5 2. b3 Nf6 3. Bb2 e6 4. e3 Be7 5. Be2 O-O 6. O-O d6 7. d4 Nc6 8. c4 b6
9. Nbd2 Bb7 10. a3 Qc7 11. Qc2 cxd4 12. exd4 d5 13. Bd3 h6 14. Ne5 Nxe5 15.
dxe5 Ng4 16. Rae1 f6 17. Nf3 fxe5 18. Nxe5 Nxe5 19. Rxe5 Bd6 20. Bh7+ Kh8 21.
Rh5 dxc4 22. bxc4 Rf4 23. Rxh6 e5 24. Rh5 Raf8 25. Bf5+ Kg8 26. Be6+ R8f7 27.
Rf5 1-0